[Event "SVM_Verbandsliga_Süd_2023-24"]
[Site "?"]
[Date "2023.09.03"]
[Round "1.1"]
[White "Hemmann, Arnold"]
[Black "Lotzien, Hans"]
[Result "1/2-1/2"]
[WhiteElo "2049"]
[BlackElo "2062"]
[PlyCount "22"]
[EventDate "2023.09.03"]
[WhiteTeam "Rheinbacher SF 1"]
[BlackTeam "Godesberger SK 3"]

1. e4 e5 2. Nf3 Nc6 3. d4 exd4 4. Nxd4 Bc5 5. Nb3 Bb6 6. Nc3 Nge7 7. Bg5 f6 8.
Bf4 Ng6 9. Bg3 d6 10. Bc4 Nce5 11. Qe2 Nxc4 1/2-1/2

[Event "SVM_Verbandsliga_Süd_2023-24"]
[Site "?"]
[Date "2023.09.03"]
[Round "1.2"]
[White "Wulfken, Christof"]
[Black "Gähler, Cornelius"]
[Result "1/2-1/2"]
[WhiteElo "1905"]
[BlackElo "2067"]
[PlyCount "69"]
[EventDate "2023.09.03"]
[WhiteTeam "Godesberger SK 3"]
[BlackTeam "Rheinbacher SF 1"]

1. d4 f5 2. Nf3 Nf6 3. g3 g6 4. Bg2 Bg7 5. O-O O-O 6. c4 d6 7. Nc3 Qe8 8. d5
Na6 9. Nd4 Bd7 10. Rb1 c6 11. dxc6 bxc6 12. b4 Rc8 13. Nc2 Qf7 14. Na3 c5 15.
Nd5 cxb4 16. Nxb4 Nc5 17. Nd5 Nfe4 18. Bb2 e6 19. Nf4 Ba4 20. Qe1 g5 21. Bxg7
Kxg7 22. Nd3 Qc7 23. Nb5 Qd7 24. Nxc5 Nxc5 25. Qd2 Kg6 26. Nc3 Bc6 27. Bxc6
Rxc6 28. Rb2 a6 29. Rfb1 Rfc8 30. Qd4 Qg7 31. Qd2 R8c7 32. Rb6 Qf6 33. Rb8 Rc8
34. Rxc8 Rxc8 35. Rb6 1/2-1/2

[Event "SVM_Verbandsliga_Süd_2023-24"]
[Site "?"]
[Date "2023.09.03"]
[Round "1.3"]
[White "Schmerda, Ingo"]
[Black "Otto, Wolfgang"]
[Result "1-0"]
[WhiteElo "1860"]
[BlackElo "1868"]
[PlyCount "83"]
[EventDate "2023.09.03"]
[WhiteTeam "Rheinbacher SF 1"]
[BlackTeam "Godesberger SK 3"]

1. d4 d5 2. c4 e6 3. Nc3 c6 4. e3 Bd6 5. Nf3 Nf6 6. Bd3 dxc4 7. Bxc4 b5 8. Bd3
b4 9. Ne2 Nbd7 10. O-O O-O 11. e4 e5 12. Bg5 Bb7 13. Rc1 Qa5 14. Bb1 Rfe8 15.
dxe5 Bxe5 16. Nxe5 Qxe5 17. f4 Qxb2 18. e5 Nd5 19. Rf3 g6 20. Rb3 Qa1 21. Bxg6
Qxa2 22. Bxh7+ Kxh7 23. Rh3+ Kg8 24. Nc3 Ne3 25. Rxe3 Qe6 26. Rg3 Kf8 27. Qh5
f6 28. Qh6+ Ke7 29. exf6+ Kd6 30. f7 Qxh6 31. fxe8=Q Rxe8 32. Bxh6 bxc3 33.
Rgxc3 Nf6 34. h3 Nd5 35. Rb3 Bc8 36. Ra1 a6 37. g4 c5 38. Rd1 Kc6 39. f5 c4 40.
Rf3 Rg8 41. Kf2 Bb7 42. f6 1-0

[Event "SVM_Verbandsliga_Süd_2023-24"]
[Site "?"]
[Date "2023.09.03"]
[Round "1.4"]
[White "Schniggenberg, Gerd"]
[Black "Hemmann, Clemens"]
[Result "1/2-1/2"]
[WhiteElo "1848"]
[BlackElo "1828"]
[PlyCount "29"]
[EventDate "2023.09.03"]
[WhiteTeam "Godesberger SK 3"]
[BlackTeam "Rheinbacher SF 1"]

1. e4 c6 2. d4 d5 3. exd5 cxd5 4. Bd3 Nc6 5. c3 Qc7 6. Nf3 Bg4 7. h3 Bh5 8. Be3
e6 9. Nbd2 Bd6 10. Qc2 Bg6 11. O-O-O Nge7 12. Kb1 O-O 13. h4 Bxd3 14. Qxd3 Rfb8
15. g4 1/2-1/2

[Event "SVM_Verbandsliga_Süd_2023-24"]
[Site "?"]
[Date "2023.09.03"]
[Round "1.5"]
[White "Klos, Stephan"]
[Black "Schreck, Alexander"]
[Result "1-0"]
[WhiteElo "1812"]
[BlackElo "1803"]
[PlyCount "73"]
[EventDate "2023.09.03"]
[WhiteTeam "Rheinbacher SF 1"]
[BlackTeam "Godesberger SK 3"]

1. b4 e5 2. Bb2 d6 3. e3 g6 4. Nf3 Bg7 5. c4 Nd7 6. Qb3 Ne7 7. Be2 O-O 8. O-O
a5 9. b5 Nc5 10. Qd1 e4 11. Nd4 Nf5 12. Qc2 Qg5 13. f4 Qe7 14. Nxf5 Bxf5 15.
Bxg7 Kxg7 16. Nc3 c6 17. g4 Bd7 18. f5 f6 19. Rf4 g5 20. Rf2 Qe5 21. Kg2 h6 22.
Rh1 Rh8 23. h4 a4 24. Kf1 a3 25. Rfh2 cxb5 26. cxb5 d5 27. b6 Bc6 28. Bb5 Qd6
29. Qb1 Nd7 30. Bxc6 Qxc6 31. Qb4 Nc5 32. Qd4 Qxb6 33. Nxd5 Qb5+ 34. Kf2 Nd3+
35. Kg3 Qb2 36. Qxe4 Ne5 37. d4 1-0

[Event "SVM_Verbandsliga_Süd_2023-24"]
[Site "?"]
[Date "2023.09.03"]
[Round "1.6"]
[White "Eisentraut, Dieter"]
[Black "Jonas, Rainer"]
[Result "1/2-1/2"]
[WhiteElo "1699"]
[BlackElo "1773"]
[PlyCount "53"]
[EventDate "2023.09.03"]
[WhiteTeam "Godesberger SK 3"]
[BlackTeam "Rheinbacher SF 1"]

1. e4 c6 2. Nf3 d5 3. d3 dxe4 4. dxe4 Qxd1+ 5. Kxd1 Bg4 6. Be2 Nd7 7. Ne1 Bxe2+
8. Kxe2 e5 9. Nd2 Ngf6 10. a4 Bc5 11. Nd3 Bd6 12. f3 O-O 13. Nc4 Bc7 14. a5 a6
15. Be3 Rfe8 16. g4 Re6 17. Ra3 Ne8 18. Rb3 Nd6 19. Nxd6 Rxd6 20. Ra1 f6 21.
Rxb7 Rc8 22. Bc5 Rxd3 23. cxd3 Nxc5 24. Ra7 Nb3 25. Ra4 Bxa5 26. Rxa6 Rb8 27.
R4xa5 1/2-1/2

[Event "SVM_Verbandsliga_Süd_2023-24"]
[Site "?"]
[Date "2023.09.03"]
[Round "1.7"]
[White "Grömping, Franz-Josef"]
[Black "Schulte-Geers, Ernst"]
[Result "0-1"]
[WhiteElo "1722"]
[BlackElo "1938"]
[PlyCount "74"]
[EventDate "2023.09.03"]
[WhiteTeam "Rheinbacher SF 1"]
[BlackTeam "Godesberger SK 3"]

1. e4 c5 2. Nf3 Nc6 3. Bc4 e6 4. Qe2 a6 5. a4 Be7 6. O-O d6 7. d3 Nf6 8. Bf4
O-O 9. Nc3 Nd4 10. Qd1 d5 11. Ba2 Nc6 12. e5 Nd7 13. Re1 b6 14. Ne2 d4 15. c3
dxc3 16. bxc3 Bb7 17. d4 cxd4 18. cxd4 Nb4 19. Nc3 Nxa2 20. Rxa2 Bb4 21. Re3
Qc7 22. Qb3 Ba5 23. Rc2 Rac8 24. Ne1 Qc4 25. Qxc4 Rxc4 26. Ne4 Rxd4 27. Nd6 Bd5
28. Bg3 Nc5 29. f3 Rxa4 30. Nd3 Ra3 31. Nxc5 Rxe3 32. Nd7 Rc3 33. Rxc3 Bxc3 34.
Nxf8 Kxf8 35. Kf2 b5 36. Ke3 f6 37. f4 Bxg2 0-1

[Event "SVM_Verbandsliga_Süd_2023-24"]
[Site "?"]
[Date "2023.09.03"]
[Round "1.8"]
[White "Lammerich, Guido"]
[Black "Haak, Norbert"]
[Result "1-0"]
[WhiteElo "1498"]
[BlackElo "1776"]
[PlyCount "45"]
[EventDate "2023.09.03"]
[WhiteTeam "Godesberger SK 3"]
[BlackTeam "Rheinbacher SF 1"]

1. e4 g6 2. d4 Bg7 3. c3 d6 4. Nf3 Nc6 5. Bb5 a6 6. Ba4 b5 7. Bc2 e6 8. O-O
Nge7 9. Re1 O-O 10. Nbd2 Kh8 11. Nf1 f5 12. e5 d5 13. Bf4 b4 14. a3 bxc3 15.
bxc3 Na5 16. N1d2 h6 17. h4 Bd7 18. Kh2 Bb5 19. Rh1 Ng8 20. Kg1 Rf7 21. Ng5
hxg5 22. hxg5+ Bh6 23. gxh6 1-0

[Event "SVM_Verbandsliga_Süd_2023-24"]
[Site "?"]
[Date "2023.09.03"]
[Round "1.1"]
[White "Niesel, Tobias"]
[Black "Liehs, Konstantin"]
[Result "1/2-1/2"]
[WhiteElo "1967"]
[BlackElo "1814"]
[PlyCount "77"]
[EventDate "2023.09.03"]
[WhiteTeam "SG Porz 5"]
[BlackTeam "Brühler SK 2"]

1. c4 Nf6 2. g3 e6 3. Bg2 d5 4. Nf3 Be7 5. O-O O-O 6. b3 c5 7. Bb2 Nc6 8. e3 b6
9. Qe2 Bb7 10. d3 dxc4 11. dxc4 Qc7 12. Nc3 a6 13. Rad1 Rad8 14. Ng5 Ne5 15.
Nce4 Bxe4 16. Nxe4 Nxe4 17. Bxe4 Bf6 18. h3 Nd7 19. Bxf6 Nxf6 20. Bg2 Rxd1 21.
Rxd1 Rd8 22. Rd3 Rxd3 23. Qxd3 Qd7 24. Qxd7 Nxd7 25. Kf1 f6 26. Ke2 Kf7 27. f4
g5 28. Bb7 a5 29. Kf3 h5 30. Bc8 Nb8 31. Ke4 Ke7 32. fxg5 fxg5 33. h4 gxh4 34.
gxh4 Nc6 35. a3 Kf6 36. Bd7 Ne7 37. Be8 Nf5 38. Kd3 Nxh4 39. Bxh5 1/2-1/2

[Event "SVM_Verbandsliga_Süd_2023-24"]
[Site "?"]
[Date "2023.09.03"]
[Round "1.3"]
[White "Brungs, Sven"]
[Black "Rieber, Ingo"]
[Result "1-0"]
[WhiteElo "1868"]
[BlackElo "1794"]
[PlyCount "103"]
[EventDate "2023.09.03"]
[WhiteTeam "SG Porz 5"]
[BlackTeam "Brühler SK 2"]

1. b4 e6 2. Bb2 Nf6 3. a3 c5 4. b5 d5 5. e3 Be7 6. Nf3 O-O 7. c4 Nbd7 8. Nc3
Qc7 9. d3 b6 10. Be2 Bb7 11. a4 e5 12. cxd5 Nxd5 13. Nxd5 Bxd5 14. e4 Bb7 15.
Qb3 Rac8 16. Rc1 Qd6 17. O-O Kh8 18. Nd2 Bg5 19. Nc4 Qe6 20. Rcd1 f5 21. exf5
Rxf5 22. Bg4 Qd5 23. f3 Rcf8 24. Bxf5 Rxf5 25. Qc2 Bf4 26. Bc1 Qd4+ 27. Qf2 Rh5
28. Qxd4 Bxh2+ 29. Kf2 cxd4 30. Rh1 g6 31. g3 Rf5 32. Nd2 Nc5 33. Rxh2 Nxd3+
34. Ke2 Nc5 35. a5 Na4 36. Rdh1 Nc3+ 37. Kd3 Bxf3 38. Rxh7+ Kg8 39. Rh8+ Kf7
40. R1h7+ Ke6 41. Re8+ Kd5 42. Nxf3 Rxf3+ 43. Kc2 Nxb5 44. axb6 axb6 45. Rhe7
Rxg3 46. Rxe5+ Kc6 47. R8e6+ Nd6 48. Bf4 Rc3+ 49. Kd2 Kd7 50. Re7+ Kc8 51. Rd5
Nc4+ 52. Ke2 1-0

[Event "SVM_Verbandsliga_Süd_2023-24"]
[Site "?"]
[Date "2023.09.03"]
[Round "1.4"]
[White "Raabe, Joachim"]
[Black "Blomer, Moritz"]
[Result "0-1"]
[WhiteElo "1746"]
[BlackElo "1781"]
[PlyCount "94"]
[EventDate "2023.09.03"]
[WhiteTeam "Brühler SK 2"]
[BlackTeam "SG Porz 5"]

1. e4 c6 2. d4 d5 3. exd5 cxd5 4. Nf3 Nc6 5. c3 Bg4 6. h3 Bh5 7. Be2 e6 8. Nbd2
Bd6 9. Ne5 Bxe2 10. Qxe2 Nge7 11. O-O O-O 12. Ndf3 Qc7 13. Bd2 Rae8 14. b4 f6
15. Nd3 Nc8 16. b5 Na5 17. Nb2 Ba3 18. Rab1 Nb6 19. c4 Naxc4 20. Nxc4 Nxc4 21.
Qd3 Qd7 22. Rb3 Bd6 23. a4 a5 24. bxa6 bxa6 25. a5 Rb8 26. Rfb1 Rxb3 27. Rxb3
Qc7 28. Bb4 Nxa5 29. Bxd6 Qxd6 30. Ra3 Nc4 31. Ra4 Rb8 32. g3 Rb4 33. Ra1 a5
34. Re1 Rb2 35. Re2 Rxe2 36. Qxe2 a4 37. Ne1 a3 38. Nd3 Qb6 39. Nc5 Kf7 40.
Qh5+ Ke7 41. Qxh7 Nd6 42. Qxg7+ Nf7 43. Qg4 a2 44. Nb3 Qxb3 45. Qf4 a1=Q+ 46.
Kg2 Qbd1 47. Qc7+ Kf8 0-1

[Event "SVM_Verbandsliga_Süd_2023-24"]
[Site "?"]
[Date "2023.09.03"]
[Round "1.5"]
[White "Fischermann, Simon"]
[Black "Kart, Boris"]
[Result "1-0"]
[WhiteElo "1723"]
[BlackElo "1799"]
[PlyCount "53"]
[EventDate "2023.09.03"]
[WhiteTeam "SG Porz 5"]
[BlackTeam "Brühler SK 2"]

1. e4 e5 2. Nf3 Nc6 3. d4 exd4 4. Bc4 d6 5. Nxd4 Nxd4 6. Qxd4 Be6 7. Bxe6 fxe6
8. O-O Ne7 9. f4 Nc6 10. Qd1 Be7 11. Qg4 Kf7 12. f5 e5 13. Nc3 Bf6 14. Nd5 Rf8
15. Nxf6 gxf6 16. Qh5+ Kg8 17. Rf3 Kh8 18. Bh6 Qe8 19. Qh4 Rf7 20. c3 Qd7 21.
Rd1 Rg8 22. Rdd3 Ne7 23. Qh5 Qe8 24. Rh3 Nc6 25. Rdg3 Rxg3 26. Rxg3 Ne7 27.
Bg7+ 1-0

[Event "SVM_Verbandsliga_Süd_2023-24"]
[Site "?"]
[Date "2023.09.03"]
[Round "1.6"]
[White "Löffler, Friedrich"]
[Black "Kuprasz, Bartosz"]
[Result "0-1"]
[WhiteElo "1848"]
[BlackElo "1428"]
[PlyCount "66"]
[EventDate "2023.09.03"]
[WhiteTeam "Brühler SK 2"]
[BlackTeam "SG Porz 5"]

1. d4 Nf6 2. c4 g6 3. Nc3 d5 4. cxd5 Nxd5 5. e4 Nxc3 6. bxc3 Bg7 7. Nf3 c5 8.
Bb2 O-O 9. Be2 cxd4 10. cxd4 Nc6 11. O-O Bg4 12. e5 Qa5 13. h3 Bxf3 14. Bxf3
Rfd8 15. Bxc6 bxc6 16. Qc2 Rac8 17. Rfd1 Rd5 18. Bc3 Qd8 19. Bb4 Rxd4 20. Bc5
Rxd1+ 21. Rxd1 Qc7 22. f4 Bf8 23. Qa4 e6 24. Qxa7 Qxa7 25. Bxa7 Ra8 26. Be3
Rxa2 27. Rd8 Kg7 28. f5 gxf5 29. Bg5 Kg6 30. Bf6 Bc5+ 31. Kh2 f4 32. h4 Bf2 33.
Kh3 Kf5 0-1

[Event "SVM_Verbandsliga_Süd_2023-24"]
[Site "?"]
[Date "2023.09.03"]
[Round "1.7"]
[White "Siegel, Irene"]
[Black "Georgopoulos, Nicolas"]
[Result "0-1"]
[WhiteElo "1572"]
[BlackElo "1590"]
[PlyCount "78"]
[EventDate "2023.09.03"]
[WhiteTeam "SG Porz 5"]
[BlackTeam "Brühler SK 2"]

1. e4 e5 2. Nf3 Nc6 3. d4 exd4 4. Nxd4 Bc5 5. Be3 Qf6 6. c3 Nge7 7. Bc4 O-O 8.
O-O a6 9. b4 Ba7 10. f4 d6 11. Qd2 Re8 12. e5 Qg6 13. Kh1 dxe5 14. fxe5 Nxe5
15. Bb3 b5 16. Qf2 Bb7 17. Nd2 Nd5 18. Bc2 Qf6 19. Qg3 Qd6 20. Nf5 Qf8 21. Bh6
Ng6 22. Bxg7 Ne3 23. Bxf8 Bxg2+ 24. Qxg2 Nxg2 25. Nh6+ Kh8 26. Nxf7+ Kg8 27.
Nh6+ Kh8 28. Kxg2 Re2+ 29. Kh1 Nxf8 30. Rf7 Rxd2 31. Bb3 Bb6 32. Raf1 Ng6 33.
R7f3 Ne5 34. Rf5 Ng6 35. Rh5 Rf8 36. Nf7+ Kg7 37. Rhf5 Rd7 38. Kg2 Nh4+ 39. Kh3
Nxf5 0-1

[Event "SVM_Verbandsliga_Süd_2023-24"]
[Site "?"]
[Date "2023.09.03"]
[Round "1.1"]
[White "Voß, Bela"]
[Black "König, Christian"]
[Result "0-1"]
[WhiteElo "1861"]
[BlackElo "2054"]
[PlyCount "76"]
[EventDate "2023.09.03"]
[WhiteTeam "TuS Strempt 1"]
[BlackTeam "SF Lohmar 1"]

1. e4 c6 2. d4 d5 3. exd5 cxd5 4. Bd3 Nc6 5. c3 Qc7 6. Ne2 Bg4 7. Qc2 Bxe2 8.
Qxe2 Nxd4 9. Qg4 Nc6 10. Na3 a6 11. O-O Nf6 12. Qa4 Rc8 13. Bf4 Qd7 14. Rad1 e6
15. Rfe1 Be7 16. Bb1 O-O 17. Bg5 Ne5 18. Qh4 Ng6 19. Bxg6 hxg6 20. Re3 Rfe8 21.
Rh3 Nh5 22. g4 Bxg5 23. Qxg5 Nf6 24. Qh4 Kf8 25. Rf3 e5 26. h3 Qc6 27. Nc2 d4
28. Rfd3 dxc3 29. bxc3 e4 30. Nb4 Qc5 31. Re3 g5 32. Qg3 a5 33. Nc2 Nd5 34.
Ree1 Nxc3 35. Rd7 b5 36. Ne3 Red8 37. Rb7 Qc6 38. Ra7 Qb6 0-1

[Event "SVM_Verbandsliga_Süd_2023-24"]
[Site "?"]
[Date "2023.09.03"]
[Round "1.2"]
[White "Akstinat, Sven-Holger"]
[Black "Hissen, Tobias"]
[Result "1-0"]
[WhiteElo "1964"]
[BlackElo "1864"]
[PlyCount "51"]
[EventDate "2023.09.03"]
[WhiteTeam "SF Lohmar 1"]
[BlackTeam "TuS Strempt 1"]

1. e4 e5 2. Nf3 Nc6 3. Bc4 Nf6 4. d3 Bc5 5. c3 d6 6. Bb3 Be6 7. Bc2 Ne7 8. d4
exd4 9. cxd4 Bb4+ 10. Nc3 Ng6 11. O-O O-O 12. d5 Bd7 13. Nd4 Re8 14. f3 c6 15.
dxc6 Bxc6 16. Nce2 d5 17. Nxc6 bxc6 18. exd5 Nxd5 19. Kh1 Qh4 20. g3 Qe7 21.
Nd4 c5 22. Be4 Qd7 23. Nb3 c4 24. Qxd5 Qxd5 25. Bxd5 cxb3 26. Bxa8 1-0

[Event "SVM_Verbandsliga_Süd_2023-24"]
[Site "?"]
[Date "2023.09.03"]
[Round "1.3"]
[White "Heinen, Marcus"]
[Black "Fuchs, Andreas"]
[Result "0-1"]
[WhiteElo "1796"]
[BlackElo "1982"]
[PlyCount "70"]
[EventDate "2023.09.03"]
[WhiteTeam "TuS Strempt 1"]
[BlackTeam "SF Lohmar 1"]

1. f4 c5 2. Nc3 d5 3. e3 Nf6 4. Nf3 Nc6 5. d4 Bg4 6. Be2 Bxf3 7. Bxf3 e6 8. Ne2
Ne4 9. Bxe4 dxe4 10. c3 cxd4 11. Nxd4 Bc5 12. Qg4 O-O 13. f5 exf5 14. Nxf5 g6
15. O-O Kh8 16. Nd4 Qe7 17. Bd2 f5 18. Qe2 Ne5 19. a3 a6 20. c4 Kg8 21. Bc3
Rac8 22. Rac1 Rfd8 23. b4 Ba7 24. c5 Bb8 25. Ba1 h5 26. Nxf5 gxf5 27. Rxf5 Rf8
28. Rxh5 Rc6 29. Rd1 Rg6 30. Rd5 Rg5 31. Rd6 Nf3+ 32. Qxf3 exf3 33. Rh8+ Kf7
34. Rh7+ Ke8 35. Rxe7+ Kxe7 0-1

[Event "SVM_Verbandsliga_Süd_2023-24"]
[Site "?"]
[Date "2023.09.03"]
[Round "1.4"]
[White "Langer, Raphael"]
[Black "Jansen, Marcus"]
[Result "1/2-1/2"]
[WhiteElo "1951"]
[BlackElo "1761"]
[PlyCount "100"]
[EventDate "2023.09.03"]
[WhiteTeam "SF Lohmar 1"]
[BlackTeam "TuS Strempt 1"]

1. d4 d5 2. c4 c6 3. cxd5 cxd5 4. Nf3 Nf6 5. Nc3 Nc6 6. Bf4 e6 7. e3 Bd6 8.
Bxd6 Qxd6 9. Bd3 O-O 10. O-O Bd7 11. a3 Rac8 12. Rc1 h6 13. b4 a6 14. Na4 Na7
15. Nc5 Rc7 16. a4 Rfc8 17. Rb1 Nc6 18. b5 axb5 19. axb5 Nd8 20. b6 Rc6 21. Ne5
Rxc5 22. Nxd7 R5c6 23. Nxf6+ gxf6 24. Qb3 Rc3 25. Qb5 Qc6 26. g3 Qxb5 27. Bxb5
f5 28. Ra1 Kf8 29. Rfb1 Ke7 30. Rb2 Rc1+ 31. Rxc1 Rxc1+ 32. Kg2 Rc3 33. Kh3 Kf6
34. Kh4 Kg6 35. h3 Nc6 36. Bxc6 Rxc6 37. g4 fxg4 38. hxg4 Rc1 39. Rb5 Rg1 40.
f3 Rd1 41. Kg3 Kf6 42. Kf4 Rd2 43. Rb4 Rf2 44. e4 dxe4 45. Kxe4 Rf1 46. Rb3
Re1+ 47. Kd3 Rd1+ 48. Ke3 Re1+ 49. Kd2 Rf1 50. Ke2 Rc1 1/2-1/2

[Event "SVM_Verbandsliga_Süd_2023-24"]
[Site "?"]
[Date "2023.09.03"]
[Round "1.5"]
[White "Hoss, Andreas"]
[Black "Weiler, Wolfgang"]
[Result "1-0"]
[WhiteElo "1719"]
[BlackElo "1919"]
[PlyCount "109"]
[EventDate "2023.09.03"]
[WhiteTeam "TuS Strempt 1"]
[BlackTeam "SF Lohmar 1"]

1. e4 e5 2. Nf3 Nf6 3. Nxe5 Nxe4 4. Nc3 Nxc3 5. dxc3 Qe7 6. Qe2 d6 7. Nd3 Bg4
8. Qxe7+ Bxe7 9. Be2 Bf5 10. Be3 Nd7 11. O-O-O Ne5 12. Nxe5 dxe5 13. f3 O-O 14.
Bc4 Bd6 15. Rhe1 Rfd8 16. Rd2 Kf8 17. Red1 Ke7 18. Bd5 Rdb8 19. c4 Kf8 20. c5
Be7 21. g4 Bg6 22. c6 b6 23. f4 f6 24. fxe5 fxe5 25. Rf2+ Ke8 26. Be6 Bh4 27.
Rff1 Ke7 28. Bf5 Rd8 29. Bxg6 hxg6 30. b4 Rxd1+ 31. Rxd1 Rd8 32. Rxd8 Kxd8 33.
b5 Ke7 34. Kd2 Ke6 35. Kd3 Be7 36. Ke4 Bb4 37. Bg5 Bc3 38. a4 Be1 39. c4 Kd6
40. Be3 Bc3 41. h4 Be1 42. h5 gxh5 43. gxh5 Ke6 44. c5 Bb4 45. cxb6 axb6 46.
Bg5 Bf8 47. Bd2 Bc5 48. Bc3 Bd6 49. a5 bxa5 50. Bxa5 Kf6 51. Kd5 Ke7 52. b6
cxb6 53. Bxb6 Bb8 54. Bc5+ Kd8 55. Bf8 1-0

[Event "SVM_Verbandsliga_Süd_2023-24"]
[Site "?"]
[Date "2023.09.03"]
[Round "1.6"]
[White "Weber, Olaf"]
[Black "Grant, Hildegard"]
[Result "1-0"]
[WhiteElo "1837"]
[BlackElo "1683"]
[PlyCount "111"]
[EventDate "2023.09.03"]
[WhiteTeam "SF Lohmar 1"]
[BlackTeam "TuS Strempt 1"]

1. Nf3 c5 2. c4 Nc6 3. g3 Nf6 4. Bg2 g6 5. Nc3 Bg7 6. O-O O-O 7. d3 d6 8. Rb1
Rb8 9. a3 Bg4 10. h3 Bd7 11. b4 Qc8 12. h4 Bh3 13. Bd2 Bxg2 14. Kxg2 Nh5 15.
Rh1 Qg4 16. Nd5 cxb4 17. axb4 Qd7 18. Bc3 e5 19. Nd2 Ne7 20. Nxe7+ Qxe7 21. b5
Qc7 22. Bb4 f5 23. Rc1 b6 24. e3 Nf6 25. Ra1 Ra8 26. Ra6 Rfd8 27. Qb3 Kh8 28.
Rha1 Qb7+ 29. f3 f4 30. gxf4 exf4 31. e4 Nd7 32. Bc3 Ne5 33. d4 Nf7 34. Qa3 Qe7
35. Rh1 Rd7 36. Rxb6 Qd8 37. Ra6 Kg8 38. Qc1 Bf6 39. Qe1 Be7 40. Nb3 g5 41. Na5
gxh4 42. Nc6 Qf8 43. Nxe7+ Rxe7 44. Qxh4 Qg7+ 45. Kf2 Re6 46. Rg1 Rg6 47. Rxg6
hxg6 48. Qxf4 g5 49. Qg4 Qh6 50. Ra1 Qh2+ 51. Qg2 Qh4+ 52. Qg3 Qxg3+ 53. Kxg3
Rc8 54. Ra4 Rc7 55. Bd2 Kg7 56. Be3 1-0

[Event "SVM_Verbandsliga_Süd_2023-24"]
[Site "?"]
[Date "2023.09.03"]
[Round "1.7"]
[White "Kirch, Andreas"]
[Black "Fischer, Birk Liam"]
[Result "0-1"]
[WhiteElo "1472"]
[BlackElo "1656"]
[PlyCount "78"]
[EventDate "2023.09.03"]
[WhiteTeam "TuS Strempt 1"]
[BlackTeam "SF Lohmar 1"]

1. e4 c5 2. c3 Nf6 3. e5 Nd5 4. d4 cxd4 5. cxd4 g6 6. Bc4 Nb6 7. Bb3 Bg7 8. Nf3
O-O 9. O-O Nc6 10. Bf4 a5 11. Nc3 d6 12. exd6 exd6 13. Nb5 a4 14. Bxd6 axb3 15.
Bxf8 Qxf8 16. Qxb3 Be6 17. Qc2 Bg4 18. Qe4 Bf5 19. Qe2 Re8 20. Qd2 Bg4 21. Qf4
Bxf3 22. Qxf3 Qb4 23. Nc7 Rd8 24. d5 Nd4 25. Qe4 Qc4 26. Qe3 Qxc7 27. Rfd1 Nxd5
28. Qe4 Qc4 29. Rd2 Nf4 30. Kh1 Nfe6 31. Qxb7 Rc8 32. h3 Be5 33. g3 Ng5 34. f4
Ngf3 35. Rxd4 Nxd4 36. fxe5 Qc6+ 37. Qxc6 Rxc6 38. b4 Rc2 39. a4 Nf3 0-1

[Event "SVM_Verbandsliga_Süd_2023-24"]
[Site "?"]
[Date "2023.09.03"]
[Round "1.8"]
[White "Ehrig, Malte"]
[Black "Bördgen, Markus"]
[Result "1-0"]
[WhiteElo "1644"]
[BlackElo "1561"]
[PlyCount "83"]
[EventDate "2023.09.03"]
[WhiteTeam "SF Lohmar 1"]
[BlackTeam "TuS Strempt 1"]

1. e4 c6 2. Nc3 d5 3. Nf3 dxe4 4. Nxe4 Bf5 5. Ng3 Bg6 6. h4 h6 7. Ne5 Bh7 8.
Qh5 g6 9. Qf3 Nf6 10. Qb3 Qd5 11. Qxb7 Qxe5+ 12. Be2 Qd6 13. Qxa8 Qc7 14. Ba6
Bg7 15. Qb7 Qe5+ 16. Be2 O-O 17. Qxa7 Nd5 18. d4 Qd6 19. Qc5 Qc7 20. c3 Nd7 21.
Qa3 e6 22. c4 N5b6 23. Qe3 Re8 24. f4 Ra8 25. Bd2 Kh8 26. Bc3 Na4 27. Bd3 Nxc3
28. bxc3 Ra3 29. Bc2 c5 30. Bb3 cxd4 31. cxd4 Nc5 32. O-O Qa5 33. Rab1 g5 34.
dxc5 Bxb1 35. Rxb1 gxf4 36. Qxf4 Qxc5+ 37. Kh1 Be5 38. Qxh6+ Kg8 39. Rd1 Ra8
40. Qg5+ Kf8 41. Ne4 Qc7 42. Nf6 1-0

[Event "SVM_Verbandsliga_Süd_2023-24"]
[Site "?"]
[Date "2023.09.03"]
[Round "1.1"]
[White "Weber, Jannis"]
[Black "Albrecht, Oliver"]
[Result "0-1"]
[WhiteElo "2007"]
[BlackElo "2142"]
[PlyCount "112"]
[EventDate "2023.09.03"]
[WhiteTeam "SV Hennef 1"]
[BlackTeam "SC Siegburg 2"]

1. e4 c5 2. Nf3 d6 3. Bb5+ Bd7 4. Bxd7+ Qxd7 5. c4 Nc6 6. d4 cxd4 7. Nxd4 Nf6
8. Nc3 g6 9. f3 Bg7 10. Be3 O-O 11. O-O e6 12. Qd2 Rfd8 13. Rad1 d5 14. cxd5
exd5 15. Nxc6 bxc6 16. e5 Ne8 17. f4 f6 18. Bd4 fxe5 19. Bxe5 Bxe5 20. fxe5 Qe7
21. Qe3 Ng7 22. Rf6 Ne6 23. Qh3 Re8 24. Qg4 Rac8 25. Rdf1 Rc7 26. h4 Ng7 27.
Qg5 Nh5 28. R6f5 Qxg5 29. Rxg5 Rce7 30. Re1 Nf4 31. Rg4 Nd3 32. Re3 Nxe5 33.
Ra4 Nc4 34. Rxe7 Rxe7 35. b3 Nb6 36. Rf4 Kg7 37. a4 Re3 38. Rf3 Rxf3 39. gxf3
Kf6 40. a5 Nd7 41. b4 Ke5 42. b5 cxb5 43. Nxb5 a6 44. Nc7 Nc5 45. Kf2 Kd4 46.
Ne8 Kc3 47. Nf6 d4 48. Nxh7 d3 49. Nf6 d2 50. Nd5+ Kc2 51. Ne3+ Kd3 52. f4 Ne4+
53. Kf3 Nf6 54. f5 gxf5 55. Nd1 Nh5 56. Ne3 f4 0-1

[Event "SVM_Verbandsliga_Süd_2023-24"]
[Site "?"]
[Date "2023.09.03"]
[Round "1.2"]
[White "Breest, Axel"]
[Black "Seidel, Martin"]
[Result "1/2-1/2"]
[WhiteElo "1894"]
[BlackElo "1850"]
[PlyCount "27"]
[EventDate "2023.09.03"]
[WhiteTeam "SC Siegburg 2"]
[BlackTeam "SV Hennef 1"]

1. e4 e6 2. Nc3 d5 3. d4 Bb4 4. Nge2 dxe4 5. a3 Be7 6. Nxe4 Nd7 7. g3 Ngf6 8.
N2c3 O-O 9. Bg2 e5 10. O-O exd4 11. Qxd4 Nxe4 12. Nxe4 Nf6 13. Be3 Qxd4 14.
Bxd4 1/2-1/2

[Event "SVM_Verbandsliga_Süd_2023-24"]
[Site "?"]
[Date "2023.09.03"]
[Round "1.3"]
[White "Neese, Hans-Joachim"]
[Black "Steffens, Klaus"]
[Result "1/2-1/2"]
[WhiteElo "1994"]
[BlackElo "1862"]
[PlyCount "72"]
[EventDate "2023.09.03"]
[WhiteTeam "SV Hennef 1"]
[BlackTeam "SC Siegburg 2"]

1. d4 Nf6 2. c4 c5 3. d5 b5 4. cxb5 e6 5. dxe6 fxe6 6. e3 Bb7 7. Nf3 Be7 8. Be2
O-O 9. O-O a6 10. Nc3 d5 11. b3 axb5 12. Nxb5 Nc6 13. Bb2 Ne4 14. Nd2 Nd6 15.
Nxd6 Qxd6 16. f4 e5 17. g3 Ba6 18. Nf3 Bf6 19. Qd2 e4 20. Bxa6 Rxa6 21. Bxf6
Rxf6 22. Ng5 h6 23. Nh3 d4 24. Nf2 Qe7 25. Qc2 Nb4 26. Qc4+ Kh8 27. exd4 e3 28.
Ng4 cxd4 29. Rfe1 Rfc6 30. Qxd4 Nc2 31. Rxe3 Nxe3 32. Qxe3 Qc7 33. Qe8+ Kh7 34.
Qe4+ Kh8 35. Qe8+ Kh7 36. Qe4+ Kh8 1/2-1/2

[Event "SVM_Verbandsliga_Süd_2023-24"]
[Site "?"]
[Date "2023.09.03"]
[Round "1.4"]
[White "Veehmayer, Mio"]
[Black "Rasche, Lothar"]
[Result "1-0"]
[WhiteElo "1608"]
[BlackElo "1723"]
[PlyCount "73"]
[EventDate "2023.09.03"]
[WhiteTeam "SC Siegburg 2"]
[BlackTeam "SV Hennef 1"]

1. e4 c5 2. Nc3 Nc6 3. f4 g6 4. Nf3 Bg7 5. Bc4 d6 6. O-O Nf6 7. d3 O-O 8. Qe1
e6 9. f5 exf5 10. Qh4 Ne5 11. Bg5 Neg4 12. h3 h6 13. hxg4 hxg5 14. Nxg5 Nh5 15.
gxh5 Bh6 16. Nf3 g5 17. Qf2 g4 18. exf5 gxf3 19. Qxf3 Kh8 20. Rae1 Qf6 21. Re4
Rg8 22. Rg4 Bg5 23. Kh1 Rg7 24. Ne4 Qh6 25. Rxg5 Rxg5 26. Nxg5 Qxg5 27. Bxf7
Rb8 28. c3 Bd7 29. Qf4 Qf6 30. Bg6 Kg7 31. Re1 Rf8 32. Rf1 Be6 33. Kg1 b5 34.
d4 c4 35. d5 Bxd5 36. Rd1 Be6 37. Rb1 1-0

[Event "SVM_Verbandsliga_Süd_2023-24"]
[Site "?"]
[Date "2023.09.03"]
[Round "1.5"]
[White "Stoffels, Markus"]
[Black "Peukert, Manuel"]
[Result "1/2-1/2"]
[WhiteElo "1741"]
[BlackElo "1629"]
[PlyCount "39"]
[EventDate "2023.09.03"]
[WhiteTeam "SV Hennef 1"]
[BlackTeam "SC Siegburg 2"]

1. e4 c6 2. d4 d6 3. c3 Qc7 4. Bd3 e5 5. dxe5 dxe5 6. Be3 Nf6 7. h3 Be7 8. Nf3
O-O 9. Nbd2 Rd8 10. Qe2 Nbd7 11. O-O a5 12. a3 a4 13. Rad1 b5 14. Ne1 Nc5 15.
Bc2 Ne6 16. Nd3 c5 17. Nf3 Nxe4 18. Ndxe5 Rxd1 19. Rxd1 Nf6 20. Bc1 1/2-1/2